পূর্ববাংলার রেলওয়ের ইতিহাস ১৮৬২-১৯৪৭ / (Record no. 5603)
[ view plain ]
| 000 -LEADER | |
|---|---|
| fixed length control field | 01195nam a2200301 a 4500 |
| 001 - CONTROL NUMBER | |
| control field | 5603 |
| 003 - CONTROL NUMBER IDENTIFIER | |
| control field | BD-DhEWU |
| 005 - DATE AND TIME OF LATEST TRANSACTION | |
| control field | 20181128123854.0 |
| 008 - FIXED-LENGTH DATA ELEMENTS--GENERAL INFORMATION | |
| fixed length control field | 140722s2007 bg o g b 001 0 ben d |
| 020 ## - INTERNATIONAL STANDARD BOOK NUMBER | |
| International Standard Book Number | 9840802194 (Hard bound) |
| 035 ## - SYSTEM CONTROL NUMBER | |
| System control number | (OCoLC) |
| 040 ## - CATALOGING SOURCE | |
| Original cataloging agency | BD-DhEWU |
| Modifying agency | BD-DhEWU |
| Language of cataloging | ben |
| Transcribing agency | BD-DhEWU |
| 041 ## - LANGUAGE CODE | |
| Language code of text/sound track or separate title | ben |
| 082 04 - DEWEY DECIMAL CLASSIFICATION NUMBER | |
| Classification number | 385.209549102 |
| Item number | KAP 2007 |
| 100 1# - MAIN ENTRY--PERSONAL NAME | |
| Personal name | কবির, দিনাক সোহানী |
| Miscellaneous information | Kabir, Dinak Shohani |
| 9 (RLIN) | 16438 |
| 245 10 - TITLE STATEMENT | |
| Title | পূর্ববাংলার রেলওয়ের ইতিহাস ১৮৬২-১৯৪৭ / |
| Statement of responsibility, etc | দিনাক সোহানী কবির. |
| 246 ## - VARYING FORM OF TITLE | |
| Title proper/short title | History of eastern bengal railway 1862-1947 |
| -- | Purba banglar railwayer etihash 1862-1947 |
| 250 ## - EDITION STATEMENT | |
| Edition statement | প্রথম প্রকাশ. |
| 260 ## - PUBLICATION, DISTRIBUTION, ETC. (IMPRINT) | |
| Place of publication, distribution, etc | Dhaka : |
| Name of publisher, distributor, etc | Academic Press & Publishers Library, |
| Date of publication, distribution, etc | c2007. |
| 300 ## - PHYSICAL DESCRIPTION | |
| Extent | xiii, 346 p. : |
| Other physical details | illus. ; |
| Dimensions | 22 cm. |
| 504 ## - BIBLIOGRAPHY, ETC. NOTE | |
| Bibliography, etc | Includes Bibliographical References. |
| 526 ## - STUDY PROGRAM INFORMATION NOTE | |
| Program name | Sociology |
| -- | SR |
| 590 ## - LOCAL NOTE (RLIN) | |
| Local note | Abdul Gani |
| 653 #1 - INDEX TERM--UNCONTROLLED | |
| Uncontrolled term | Transportation |
| Uncontrolled term | Transportation Railroads Transportation-Planning Railroad-Government policy Railroads-Finance |
| 942 ## - ADDED ENTRY ELEMENTS (KOHA) | |
| Koha item type | Text |
| Source of classification or shelving scheme | Dewey Decimal Classification |
| Withdrawn status | Lost status | Source of classification or shelving scheme | Damaged status | Not for loan | Collection code | Home library | Current library | Shelving location | Date acquired | Source of acquisition | Cost, normal purchase price | Total Checkouts | Full call number | Barcode | Copy number | Koha item type |
|---|---|---|---|---|---|---|---|---|---|---|---|---|---|---|---|---|
| Dewey Decimal Classification | Not For Loan | Non-fiction | Dr. S. R. Lasker Library, EWU | Dr. S. R. Lasker Library, EWU | Reserve Section | 25/07/2007 | Pathak Shamabesh | 400.00 | 385.209549102 KAP 2007 | 20770 | C-1 | Text |